| 000 -LEADER |
| fixed length control field |
02849cas a2200625 a 4500 |
| 001 - CONTROL NUMBER |
| control field |
11285196 |
| 003 - CONTROL NUMBER IDENTIFIER |
| control field |
NUST |
| 005 - DATE AND TIME OF LATEST TRANSACTION |
| control field |
20170510124434.0 |
| 008 - FIXED-LENGTH DATA ELEMENTS--GENERAL INFORMATION |
| fixed length control field |
760712c19739999nyu x f 0 a0eng c |
| 010 ## - LIBRARY OF CONGRESS CONTROL NUMBER |
| LC control number |
84643191 |
| Canceled/invalid LC control number |
sn 83010373 |
| -- |
sn 84006641 |
| 020 ## - INTERNATIONAL STANDARD BOOK NUMBER |
| International Standard Book Number |
0070161909 |
| 022 0# - INTERNATIONAL STANDARD SERIAL NUMBER |
| International Standard Serial Number |
0748-4585 |
| ISSN-L |
0748-4585 |
| Source |
1 |
| 035 ## - SYSTEM CONTROL NUMBER |
| System control number |
(OCoLC)ocm02307440 |
| 037 ## - SOURCE OF ACQUISITION |
| Source of stock number/acquisition |
McGraw-Hill Book Co., 1221 Ave. of the Americas, New York, NY 10020 |
| 040 ## - CATALOGING SOURCE |
| Original cataloging agency |
YUS |
| Language of cataloging |
eng |
| Transcribing agency |
YUS |
| Modifying agency |
DLC |
| -- |
NSD |
| -- |
MUL |
| -- |
NST |
| -- |
DLC |
| -- |
NST |
| -- |
DLC |
| -- |
NST |
| -- |
NSD |
| -- |
NST |
| -- |
NSD |
| -- |
OCL |
| -- |
NST |
| -- |
OCL |
| -- |
NST |
| -- |
NYG |
| -- |
NST |
| -- |
GUA |
| -- |
OCL |
| -- |
NSD |
| -- |
MYG |
| -- |
CUS |
| -- |
LVB |
| -- |
OCLCG |
| -- |
OCLCA |
| -- |
CRU |
| -- |
OCLCQ |
| -- |
ORZ |
| -- |
MNE |
| -- |
OCLCF |
| -- |
KLH |
| -- |
OCLCO |
| -- |
OCL |
| -- |
OCLCQ |
| -- |
YDX |
| -- |
XFF |
| 042 ## - AUTHENTICATION CODE |
| Authentication code |
pcc |
| -- |
nsdp |
| 050 00 - LIBRARY OF CONGRESS CALL NUMBER |
| Classification number |
TP151 |
| Item number |
.H25 |
| 050 14 - LIBRARY OF CONGRESS CALL NUMBER |
| Classification number |
QD65 |
| Item number |
.L362 |
| 082 04 - DEWEY DECIMAL CLASSIFICATION NUMBER |
| Classification number |
540 LAN |
| Edition number |
19 |
| 210 0# - ABBREVIATED TITLE |
| Abbreviated title |
Lange's handb. chem. |
| 222 #0 - KEY TITLE |
| Key title |
Lange's handbook of chemistry |
| 245 00 - TITLE STATEMENT |
| Title |
Lange's handbook of chemistry. |
| 246 30 - VARYING FORM OF TITLE |
| Title proper/short title |
Handbook of chemistry |
| 250 ## - EDITION STATEMENT |
| Edition statement |
11th ed. |
| 260 3# - PUBLICATION, DISTRIBUTION, ETC. |
| Place of publication, distribution, etc. |
New York : |
| Name of publisher, distributor, etc. |
McGraw-Hill, |
| Date of publication, distribution, etc. |
©1973- |
| 300 ## - PHYSICAL DESCRIPTION |
| Extent |
volumes : |
| Other physical details |
illustrations ; |
| Dimensions |
24 cm |
| 310 ## - CURRENT PUBLICATION FREQUENCY |
| Current publication frequency |
Irregular |
| 336 ## - CONTENT TYPE |
| Content type term |
text |
| Content type code |
txt |
| Source |
rdacontent |
| 337 ## - MEDIA TYPE |
| Media type term |
unmediated |
| Media type code |
n |
| Source |
rdamedia |
| 338 ## - CARRIER TYPE |
| Carrier type term |
volume |
| Carrier type code |
nc |
| Source |
rdacarrier |
| 362 0# - DATES OF PUBLICATION AND/OR SEQUENTIAL DESIGNATION |
| Dates of publication and/or sequential designation |
11th ed.- |
| 500 ## - GENERAL NOTE |
| General note |
Editor: 11th ed.- J.A. Dean. |
| 500 ## - GENERAL NOTE |
| General note |
Formerly compiled and edited by: N.A. Lange. |
| 530 ## - ADDITIONAL PHYSICAL FORM AVAILABLE NOTE |
| Additional physical form available note |
Latest ed. available also online via the World Wide Web through Knovel. |
| 590 ## - LOCAL NOTE (RLIN) |
| Local note |
SERBIB/SERLOC merged record |
| 650 #0 - SUBJECT ADDED ENTRY--TOPICAL TERM |
| Topical term or geographic name entry element |
Chemistry |
| Form subdivision |
Handbooks, manuals, etc. |
| 9 (RLIN) |
277 |
| 650 #6 - SUBJECT ADDED ENTRY--TOPICAL TERM |
| Topical term or geographic name entry element |
Chimie |
| Form subdivision |
Guides, manuels, etc. |
| 9 (RLIN) |
278 |
| 650 #7 - SUBJECT ADDED ENTRY--TOPICAL TERM |
| Topical term or geographic name entry element |
Chemistry. |
| Source of heading or term |
fast |
| Authority record control number or standard number |
(OCoLC)fst00853344 |
| 9 (RLIN) |
276 |
| 650 #2 - SUBJECT ADDED ENTRY--TOPICAL TERM |
| Topical term or geographic name entry element |
Chemistry. |
| 9 (RLIN) |
276 |
| 650 #2 - SUBJECT ADDED ENTRY--TOPICAL TERM |
| Topical term or geographic name entry element |
Mathematics. |
| 9 (RLIN) |
279 |
| 655 #7 - INDEX TERM--GENRE/FORM |
| Genre/form data or focus term |
Handbooks and manuals. |
| Source of term |
fast |
| Authority record control number |
(OCoLC)fst01423877 |
| 9 (RLIN) |
280 |
| 655 #2 - INDEX TERM--GENRE/FORM |
| Genre/form data or focus term |
Tables. |
| 9 (RLIN) |
281 |
| 700 1# - ADDED ENTRY--PERSONAL NAME |
| Personal name |
Dean, John A. |
| Fuller form of name |
(John Aurie), |
| Dates associated with a name |
1921-2001. |
| 9 (RLIN) |
282 |
| 700 1# - ADDED ENTRY--PERSONAL NAME |
| Personal name |
Lange, Norbert Adolph, |
| Dates associated with a name |
1892-1970. |
| 9 (RLIN) |
283 |
| 776 1# - ADDITIONAL PHYSICAL FORM ENTRY |
| Title |
Lange's handbook of chemistry (Online) |
| International Standard Serial Number |
1539-2279 |
| Record control number |
(DLC) 2002211097 |
| -- |
(OCoLC)49345774 |
| 776 08 - ADDITIONAL PHYSICAL FORM ENTRY |
| Relationship information |
Online version: |
| Title |
Lange's handbook of chemistry |
| Record control number |
(OCoLC)565258576 |
| 776 08 - ADDITIONAL PHYSICAL FORM ENTRY |
| Relationship information |
Online version: |
| Title |
Lange's handbook of chemistry |
| Record control number |
(OCoLC)606876455 |
| 780 00 - PRECEDING ENTRY |
| Title |
Handbook of chemistry |
| International Standard Serial Number |
0190-4035 |
| Record control number |
(DLC) 34034381 |
| -- |
(OCoLC)1588806 |
| 906 ## - LOCAL DATA ELEMENT F, LDF (RLIN) |
| a |
7 |
| b |
cbc |
| c |
serials |
| d |
2 |
| e |
ncip |
| f |
19 |
| g |
n-oclcserc |
| 942 ## - ADDED ENTRY ELEMENTS (KOHA) |
| Source of classification or shelving scheme |
|
| Koha item type |
Book |
| Call number prefix |
540 LAN |